| 000 | 01117cam a22002897a 4500 | ||
|---|---|---|---|
| 999 |
_c16973 _d16973 |
||
| 001 | 14386896 | ||
| 003 | OSt | ||
| 005 | 20161118151800.0 | ||
| 008 | 060523s1993 vaua c 001 0 eng d | ||
| 010 | _a 2006276772 | ||
| 020 | _a0930163435 | ||
| 035 | _a(OCoLC)ocm34174860 | ||
| 040 |
_aEXR _cEXR _dOCLCQ _dBAKER _dDLC |
||
| 042 | _alccopycat | ||
| 043 | _an-us--- | ||
| 050 | 0 | 0 |
_aNK7492 _b.L898 1993 |
| 100 | 1 |
_aLy, Tran Duy, _d1933- |
|
| 245 | 1 | 0 |
_aCalendar clocks / _cTran Duy Ly ; [with history by Chris H. Bailey ; introduction by Larry Rappaport]. |
| 260 |
_aFairfax, Va. : _bArlington Book Co., _c1993. |
||
| 300 |
_a360 p. : _bill. ; _c29 cm. |
||
| 500 | _aIncludes index. | ||
| 500 | _aAccompanied by 1993 price up-date. | ||
| 650 | 0 |
_aClocks and watches _xCollectors and collecting _zUnited States. |
|
| 650 | 0 |
_aClocks and watches _zUnited States _vCatalogs. |
|
| 906 |
_a7 _bcbc _ccopycat _d2 _encip _f20 _gy-gencatlg |
||
| 942 |
_2lcc _cBOOKS _hREF NK 7492 .L898 1993 |
||